1443 1850 1134 1817 1480 1595 1374 1288 1384 1315 1571 1417 1239 1319 1202 1107 1119 1711 1708 1469 1047 1657 1422 1765 1389 1008 1541 1996 1990 1715 1033 1837 1780 1406 1074 1675 1939 1544 1277 1167 1389 1626 1601 1709 1936 1782 1247 1121 1165 1514 1403 1362 1521 1703 1215 1465 1044 1534 1712 1237 1667 1616 1637 1941 1266 1042 1645 1011 1310 1965 1583 1129 1520 1274 1906 1879 1530 1487 1232 1970 1883 1167 1417 1693 1893 1253 1087 1103 1046 1839 1888 1525 1211 1584 1440 1943 1567 1850 1289 BCNSPRNW ULIB Ver.6.0+V

เปลี่ยนเป็นภาษาไทย

Change to English
 แสดงรายละเอียดบรรณานุกรม
  กลับหน้าหลัก

Brief Record : Get Marc (ISO 2709) : E-mail record : QR code < ปิดหน้าต่าง
LEADER : 00000nam 2200000uu 4500
001    13399129151
003     ULIB
008    250721s||||||||th 000 0 tha d
020    ^a9789740332244
050  4 ^aQA278.7^bส698ส
100 0  ^aสำราญ มีแจ้ง
245 1  ^aสถิติขั้นสูงสำหรับการวิจัย :^bทฤษฎีและปฎิบัติ /^cสำราญ มีแจ้ง
250    ^aพิมพ์ครั้งที่ 2.
260    ^aกรุงเทพฯ :^bสำนักพิมพ์แห่งจุฬาลงกรณ์มหาวิทยาลัย,^c2567.
300    ^a532 หน้า :^bภาพประกอบ
505 0  ^aทบทวนสหสัมพันธ์และการวิเคราะห์การถดถอยอย่างง่าย -- การวิเคราะห์การถดถอยพหุคูณ -- การวิเคราะห์เส้นทาง -- การทดสอบความแตกต่างระหว่างกลุ่มในกรณีที่มีตัวแปรหลายตัว -- การวิเคราะห์ความแปรปรวนพหุคูณ -- การวิเคราะห์การจำแนกพหุ -- การวิเคราะห์กลุ่ม -- การวิเคราะห์จำแนกประเภท -- การวิเคราะห์สหสัมพันธ์คาโนนิคอล -- การวิเคราะห์องค์ประกอบ -- การวิเคราะห์พหุระดับ -- การวิเคราะห์สมการถดถอยโลจิสติก
505 2  ^aทบทวนสหพันธ์และการวิเคราะห์การถดถอยอย่งง่าย -- การวิเคราะห์กรถดถอยพหุคูณ -- การวิเคราะห์เส้นทาง -- การทดสอบความแตกต่างระหว่างกลุ่มในกรณีที่มีตัวแปรหลายตัว -- การวิเคราะห์ความแปรปรวนพหุคูณ -- การวิเคราะห์การจำแนกพหุ -- การวิเคราะห์กลุ่ม -- การวิเคราะห์จำแนกประเภท -- การวิเคราะห์สหพันธ์คาโนนิคอล -- การวิเคราะห์องค์ประกอบ -- การวิเคราะห์พหุระดับ -- การวิเคราะห์สมการถอถอยโลจิสติก.
650  0 ^aMathematical statistics
650  0 ^aStatistics
650  4 ^aการวิเคราะห์การถดถอย
650  4 ^aการวิเคราะห์ความแปรปรวน
650  4 ^aการวิเคราะห์ตัวแปรพหุ
650  4 ^aสถิติวิเคราะห์
650  7 ^aคณิตศาสตร์สถิติ
650  7 ^aสถิติ
650  7 ^aสถิติ^2tshd
650  7 ^aสถิติวิเคราะห์^2tshd
945    ^p510^l0^i30586
945    ^p510^l0^i30587
999    ^aกัณชพร จุลอักษร
รายการนี้ยังไม่มีแท็ก
คุณยังไม่ได้ล็อกอิน คุณสามารถมีกิจกรรมร่วมกับเว็บไซต์ได้ แต่ต้องล็อกอินก่อน ::
  ล็อกอิน

รายการสื่อสารสนเทศ

ลำดับที่ ประเภท เลขเรียก/บาร์โค้ด สถานที่ สถานะ
1. หนังสือสำรอง
หนังสือสำรอง
QA278.7 ส698ส ฉ.1 
  Barcode: 30586
ห้องสมุดวิทยาเขตนครสวรรค์
►หนังสือทั่วไป:l:General Books
บนชั้น
2. วิทยาศาสตร์การแพทย์ และสุขภาพ
วิทยาศาสตร์การแพทย์ และสุขภาพ
QA278.7 ส698ส ฉ.2 
  Barcode: 30587
ห้องสมุดวิทยาเขตนครสวรรค์
►หนังสือทั่วไป:l:General Books
บนชั้น

รายการใกล้เคียง
    ผู้แต่ง [สำราญ มีแจ้ง]

    หัวเรื่อง [Mathematical statistics]
    หัวเรื่อง [Statistics]
    หัวเรื่อง [การวิเคราะห์การถดถอย]
    หัวเรื่อง [การวิเคราะห์ความแปรปรวน]
    หัวเรื่อง [การวิเคราะห์ตัวแปรพหุ]
    หัวเรื่อง [สถิติวิเคราะห์]
    หัวเรื่อง [คณิตศาสตร์สถิติ]
    หัวเรื่อง [สถิติ]

BibComment


ยังไม่เคยถูกคอมเมนท์

คอมเมนท์ทรัพยากรรายการนี้
  คอมเมนท์: สถิติขั้นสูงสำหร..


 Copyright 2026. Bcnsprnw @Library